000
00301nam a22001337a 4500
020
_q
HB.
040
_c
FIZZA ISHAQ
082
_a
621.381
_b
IAN
100
_a
GROUT,IAN.
_9
89230
245
_a
DIGITAL SYSTEM DESIGN /
_c
IAN GROUT.
260
_a
LONDON ;
_c
2008.
300
_a
724 P. ;
942
_2
ddc
_c
BK
999
_c
588035
_d
588035